00779nam a22002057a 4500999001900000005001700019010001500036020002700051035001400078037001300092082001100105100002700116245010200143260003600245270006600281300002500347500005000372942002500422952012600447 c160512d16051220190213110920.0 aENG-124716 c1195.00a9788178245249 aEN-108248 bDBAD/PUB a954.08 aBhattacharya, Neeladri aThe great agrarian conquest :cby Neeladri Bhattacharyabthe colonial reshaping of a rural world/ aRanikhetbPermanent Blackc2018 a'Himalayana', Mall Road,667,Ranikhet Cantt,bRanikhete263645 axv,522p. c22cm (Hb) aincludes bibliographical references and index 2ddccENmBHAh954.08 001040718NFICaDBADbBL1d2019-02-01eDBAD/PUBg1195.00l0o954.08 BHApEN-108248r2019-02-01 00:00:00t1v1195.00yEN